Le luxe français. (Record no. 22733)

MARC details
000 -LEADER
fixed length control field 00818cam a22002291 4500
001 - CONTROL NUMBER
control field f 01002157
003 - CONTROL NUMBER IDENTIFIER
control field DLC
005 - DATE AND TIME OF LATEST TRANSACTION
control field 20260227111242.0
008 - FIXED-LENGTH DATA ELEMENTS--GENERAL INFORMATION
fixed length control field 850410s1893 fr acf 000 0 fre
010 ## - LIBRARY OF CONGRESS CONTROL NUMBER
LC control number f 01002157
035 ## - SYSTEM CONTROL NUMBER
System control number (OCoLC)23429674
040 ## - CATALOGING SOURCE
Original cataloging agency DLC
Transcribing agency MiU
Modifying agency DLC
042 ## - AUTHENTICATION CODE
Authentication code premarc
050 00 - LIBRARY OF CONGRESS CALL NUMBER
Classification number DC33.5
Item number .B65
100 1# - MAIN ENTRY--PERSONAL NAME
Personal name Bouchot, Henri,
Dates associated with a name 1849-1906.
245 13 - TITLE STATEMENT
Title Le luxe français.
Remainder of title La restauration,
Statement of responsibility, etc. par Henri Bouchot; illustration documentaire d'après les originaux de l'époque.
260 ## - PUBLICATION, DISTRIBUTION, ETC.
Place of publication, distribution, etc. Paris,
Name of publisher, distributor, etc. Librairie illustrée
Date of publication, distribution, etc. [1893]
300 ## - PHYSICAL DESCRIPTION
Extent 4 p. L., 324 p., 1 L.
Other physical details front., illus., plates (partly col., 1 double) ports.
Dimensions 30 cm.
500 ## - GENERAL NOTE
General note An ed of 1,000 copies on "papier vélin."
651 #0 - SUBJECT ADDED ENTRY--GEOGRAPHIC NAME
Geographic name France
General subdivision Social life and customs
651 #0 - SUBJECT ADDED ENTRY--GEOGRAPHIC NAME
Geographic name France
General subdivision History
Chronological subdivision Restoration, 1814-1830

No items available.

Powered by Koha